EToH Trivia #1 - Statistics

General Stats
  • This quiz has been taken 64 times
  • The average score is 9 of 15
Answer Stats
Question Answer % Correct
Which of these towers is NOT in Ring 1? Tower of Cold Hands
95%
What difficulty is Tower of Impossible Movement? Terrifying
90%
What's the hardest tower in the game? Tower of Cruel Punishment
90%
What is the upcoming subrealm of Zone 5? Dark Side of The Moon
88%
What is the sequel to Tower of Shattered Dreams? Tower of Corrupted Nightmares
76%
What citadel is in Lost River? Citadel of Inside SItuations
72%
What difficulty did Tower of Bent Trauma previously have? Remorseless
66%
How many towers are in Ring 8? (including citadels) 13
60%
What is CE2018 called? T H I R S T Z O N E
55%
When did Purgatorio release? October 2025
53%
What's the mini tower in Time-Lost Sands? Wow! It's A Tower!
45%
What is the hardest difficulty? TooHard
43%
What was the scrapped citadel for Silent Abyss? Citadel of Blue Crescent Outlook
31%
What difficulty was Tower of Eve Is Ent? Eschaton
29%
How many towers have received a full revamp? 22
26%
No matching quizzes found
Score Distribution
Percent of People with Each Score
Percentile by Number Answered
Your Score History
You have not taken this quiz